Visualizzazione normale
Vista MARC
- Mintur
di Personal Name
Records bibliografici associati: 1
001 - CONTROL NUMBER
- control field: 26167
003 - CONTROL NUMBER IDENTIFIER
- control field: IT-RoPau
005 - DATE AND TIME OF LATEST TRANSACTION
- control field: 20140522163722.0
008 - FIXED-LENGTH DATA ELEMENTS
- fixed length control field: 140522|| aca||aabn | a|a d
040 ## - CATALOGING SOURCE
- Original cataloging agency: IT-RoPau
- Transcribing agency: IT-RoPau
100 ## - HEADING--PERSONAL NAME
- Personal name: Mintur
- Miscellaneous information: Codice autore testo/musica SPICS: 28889
- Relator term: Autore testo/musica
- Name of part/section of a work: Suonate i campanelli
670 ## - SOURCE DATA FOUND
- Source citation: Work cat.: (IT-RoPau)102407: Di Mario Angelo 853, Canzoncine di Natale